Normal view
MARC view
- Grinich, Victor H
Entry Personal Name
001 - CONTROL NUMBER
- control field: 83341
003 - CONTROL NUMBER IDENTIFIER
- control field: NUST
005 - DATE AND TIME OF LATEST TRANSACTION
- control field: 20211021154915.0
008 - FIXED-LENGTH DATA ELEMENTS
- fixed length control field: 211021|| aca||aabn | a|a d
040 ## - CATALOGING SOURCE
- Original cataloging agency: NUST
- Transcribing agency: NUST
100 ## - HEADING--PERSONAL NAME
- Personal name: Grinich, Victor H
670 ## - SOURCE DATA FOUND
- Source citation: Work cat.: (NUST)32604: Grinich, Victor H., Introduction to integrated circuits /, [1975]
